000
00310 a2200157 4500
001
61684
020
_a
9788564199101
040
_c
Anchieta - Pituba
100
_a
Alves, Yara
240
1
0
_a
Música faz
_l
por
245
1
0
_a
Música faz
300
_a
138
362
0
_a
2011
650
4
_a
Música
942
_c
BK
999
_c
61684
_d
61684